000 00603cam a22002053a 4500
001 39773
003 PGUSA
005 20140828083903.0
008 120523s2012||||xxu|||||s|||||000 | eng d
040 _aPGUSA
_beng
042 _adc
100 1 _aHoyer, Mary
245 1 0 _aJuvenile Styles, Volume 4 :
_bOriginal Designs for Infants and Juveniles
_h[electronic resource] /
_cMary Hoyer
260 _bProject Gutenberg,
_c2012
506 _aPublic domain in the USA.
516 _aElectronic text
830 0 _aProject Gutenberg
_v39773
856 4 0 _uhttp://www.gutenberg.org/ebooks/39773
942 _cEB
999 _c269026
_d269026